[Event "Bulgaria ch 2009 fem"]
[Site "Dupnitsa BUL"]
[Date "2009.02.??"]
[Round "10.2"]
[White "Petkova, Veneta"]
[Black "Genova, Lyubka"]
[Result "0-1"]
[WhiteElo "1964"]
[BlackElo "2231"]
[PlyCount "92"]
[EventDate "2009.02.13"]
[EventType "tourn"]
[EventRounds "11"]
[EventCountry "BUL"]
[EventCategory "2"]
[Source "lmi"]
[SourceDate "2009.02.13"]

1. e4 c5 2. Nf3 e6 3. d4 cxd4 4. Nxd4 Nc6 5. Nb5 d6 6. c4 Nf6 7. N1c3 a6 8. Na3
b6 9. Be2 Bb7 10. O-O Nb8 11. f3 Nbd7 12. Be3 Be7 13. Nc2 O-O 14. Rc1 Rc8 15.
b3 Qc7 16. Qd2 Rfe8 17. Nd4 Qb8 18. Rfd1 Bd8 19. Bd3 Bc7 20. h3 Qa8 21. Bb1 Ne5
22. Qf2 Qb8 23. Nde2 Ba8 24. g4 b5 25. g5 Nfd7 26. f4 Ng6 27. cxb5 axb5 28. h4
b4 29. Na4 Qb7 30. h5 Ngf8 31. Ng3 Bb8 32. f5 Rxc1 33. Rxc1 Ne5 34. Bb6 exf5
35. Nxf5 d5 36. h6 g6 37. Ng7 Re7 38. Bc5 dxe4 39. Qg2 Nf3+ 40. Kh1 Rc7 41. Rd1
Rd7 42. Rxd7 Qxd7 43. Bc2 Ne1 44. Nb6 Nxg2 45. Nxd7 Nxd7 46. Bxb4 e3 0-1

[Event "Bulgaria ch 2009 fem"]
[Site "Dupnitsa BUL"]
[Date "2009.02.21"]
[Round "10.4"]
[White "Chilingirova, Pavlina"]
[Black "Krumova, Ani"]
[Result "1-0"]
[WhiteElo "2155"]
[BlackElo "1812"]
[PlyCount "97"]
[EventDate "2009.02.13"]
[EventType "tourn"]
[EventRounds "11"]
[EventCountry "BUL"]
[EventCategory "2"]
[Source "lmi"]
[SourceDate "2009.02.13"]

1. d4 Nf6 2. c4 g6 3. g3 Bg7 4. Bg2 O-O 5. e4 d6 6. Ne2 Na6 7. Nbc3 c5 8. O-O
cxd4 9. Nxd4 Nc5 10. h3 Qb6 11. Nc2 Be6 12. Ne3 Rfc8 13. Rb1 a6 14. b3 Bd7 15.
Ncd5 Qd8 16. Nxf6+ Bxf6 17. Nd5 Bg7 18. Bg5 f6 19. Be3 Rab8 20. b4 Ba4 21. Qe2
Nd7 22. Nc3 b5 23. Nxa4 bxa4 24. Rfc1 a5 25. a3 axb4 26. axb4 Qe8 27. h4 Qf7
28. Bh3 f5 29. exf5 gxf5 30. Qd3 e6 31. Bg2 Ne5 32. Qe2 Ng4 33. Bf4 Bd4 34. Bf3
Ne5 35. Bh5 Qa7 36. c5 a3 37. Qa2 d5 38. Rd1 Bc3 39. Rb3 Nc4 40. Bxb8 Qg7 41.
Bf4 Bb2 42. Be2 Rf8 43. Bxc4 dxc4 44. Rxb2 axb2 45. Qxc4 Qf6 46. c6 Rc8 47. Rb1
Kf8 48. Qc5+ Kf7 49. Be5 1-0

[Event "Bulgaria ch 2009 fem"]
[Site "Dupnitsa BUL"]
[Date "2009.02.21"]
[Round "10.5"]
[White "Vladimirova, Maria"]
[Black "Yordanova, Svetla"]
[Result "0-1"]
[WhiteElo "2062"]
[BlackElo "2202"]
[PlyCount "76"]
[EventDate "2009.02.13"]
[EventType "tourn"]
[EventRounds "11"]
[EventCountry "BUL"]
[EventCategory "2"]
[Source "lmi"]
[SourceDate "2009.02.13"]

1. e4 c5 2. Nf3 a6 3. c4 d6 4. d4 cxd4 5. Nxd4 Nf6 6. Nc3 e6 7. Be2 b6 8. O-O
Bb7 9. Bd3 Nbd7 10. Qe2 Be7 11. Bd2 O-O 12. Kh1 Ne5 13. Bc2 Rc8 14. b3 Nc6 15.
Nxc6 Bxc6 16. f4 e5 17. fxe5 dxe5 18. Nd5 Re8 19. Nxe7+ Rxe7 20. Rxf6 gxf6 21.
Qg4+ Kh8 22. Bh6 Qg8 23. Bg7+ Qxg7 24. Qxc8+ Be8 25. Rd1 Qg5 26. b4 Kg7 27. h3
Re6 28. Qxa6 f5 29. b5 Rg6 30. Rg1 f4 31. Qa3 Bd7 32. Qc1 Qh4 33. Qe1 Rg3 34.
Qf2 Kf8 35. Qd2 Bxh3 36. Qd6+ Ke8 37. Rd1 Bxg2+ 38. Kg1 Bf3+ 0-1

[Event "Bulgaria ch 2009 fem"]
[Site "Dupnitsa BUL"]
[Date "2009.02.21"]
[Round "10.6"]
[White "Bednikova, Stefi"]
[Black "Voiska, Margarita"]
[Result "1/2-1/2"]
[WhiteElo "2087"]
[BlackElo "2339"]
[PlyCount "64"]
[EventDate "2009.02.13"]
[EventType "tourn"]
[EventRounds "11"]
[EventCountry "BUL"]
[EventCategory "2"]
[Source "lmi"]
[SourceDate "2009.02.13"]

1. e4 e6 2. d4 d5 3. exd5 exd5 4. Bd3 Bd6 5. Qe2+ Qe7 6. Qxe7+ Nxe7 7. Ne2 Bf5
8. Bxf5 Nxf5 9. c3 Nd7 10. Bf4 O-O 11. O-O Rfe8 12. Bxd6 Nxd6 13. Nf4 c6 14.
Nd2 Ne4 15. Rad1 f6 16. f3 Nxd2 17. Rxd2 Kf7 18. Kf2 Re7 19. Re1 Rxe1 20. Kxe1
Nf8 21. h4 Ng6 22. Nxg6 hxg6 23. g4 Rh8 24. Rh2 g5 25. h5 Re8+ 26. Kd2 a5 27.
a4 Rb8 28. Kd3 b6 29. b3 Re8 30. Re2 Rxe2 31. Kxe2 Ke6 32. Ke3 Kd6 1/2-1/2

[Event "Bulgaria ch 2009 fem"]
[Site "Dupnitsa BUL"]
[Date "2009.02.22"]
[Round "11.1"]
[White "Voiska, Margarita"]
[Black "Gradevska, Desislava"]
[Result "1-0"]
[WhiteElo "2339"]
[BlackElo "1721"]
[PlyCount "87"]
[EventDate "2009.02.13"]
[EventType "tourn"]
[EventRounds "11"]
[EventCountry "BUL"]
[EventCategory "2"]
[Source "lmi"]
[SourceDate "2009.02.13"]

1. d4 Nf6 2. Nf3 g6 3. g3 Bg7 4. Bg2 O-O 5. O-O d6 6. c4 c5 7. Nc3 Nc6 8. d5
Na5 9. Nd2 Rb8 10. Qc2 a6 11. b3 b5 12. Rb1 bxc4 13. bxc4 Rxb1 14. Ncxb1 Bg4
15. Re1 Qb6 16. h3 Bd7 17. e4 Ne8 18. Nf3 Qb4 19. Nbd2 Ba4 20. Qd3 Qc3 21. Qxc3
Bxc3 22. Re3 Bg7 23. Ra3 Nxc4 24. Rxa4 Nxd2 25. Bxd2 Nc7 26. Bf1 Rb8 27. Bd3 e6
28. Ra3 exd5 29. exd5 Nxd5 30. Rxa6 Rd8 31. Ba5 Rd7 32. Ra8+ Bf8 33. Ng5 h6 34.
Ne4 Kg7 35. Bc4 Nb4 36. Bxb4 cxb4 37. Bd5 Rc7 38. g4 Rc1+ 39. Kg2 Rd1 40. Bb3
Rd3 41. Ra5 Rd4 42. Kf3 Rd3+ 43. Ke2 Rxh3 44. Ra7 1-0

[Event "Bulgaria ch 2009 fem"]
[Site "Dupnitsa BUL"]
[Date "2009.02.22"]
[Round "11.2"]
[White "Yordanova, Svetla"]
[Black "Bednikova, Stefi"]
[Result "1-0"]
[WhiteElo "2202"]
[BlackElo "2087"]
[PlyCount "139"]
[EventDate "2009.02.13"]
[EventType "tourn"]
[EventRounds "11"]
[EventCountry "BUL"]
[EventCategory "2"]
[Source "lmi"]
[SourceDate "2009.02.13"]

1. e4 c5 2. Nc3 d6 3. f4 Nc6 4. Nf3 g6 5. Bb5 Bg7 6. O-O Bd7 7. Bxc6 Bxc6 8. d3
e6 9. f5 e5 10. Ng5 Nf6 11. Qf3 Qe7 12. Nd5 Bxd5 13. exd5 O-O-O 14. Ne4 Nxe4
15. dxe4 gxf5 16. Qxf5+ Rd7 17. Bd2 h5 18. Rf3 Bh6 19. Bxh6 Rxh6 20. Raf1 Qd8
21. Rg3 Qh8 22. Rb3 Kd8 23. Ra3 a6 24. Rg3 h4 25. Rg5 Qe8 26. Qg4 Kc7 27. Rg7
f6 28. h3 Qd8 29. a4 a5 30. Rf3 Re7 31. Rg6 Rhh7 32. Rfxf6 Rd7 33. Re6 Qf8 34.
Ref6 Qd8 35. Rh6 Rxh6 36. Rxh6 Qf8 37. Qxh4 Rf7 38. Rh7 Rxh7 39. Qxh7+ Kb6 40.
Qf5 Qh6 41. Kh2 Qh4 42. g3 Qh6 43. Qf2 Qc1 44. b3 Qd1 45. Kg2 Ka7 46. g4 Kb6
47. Kg3 Qh1 48. Qe2 Kc7 49. Kh4 Qc1 50. g5 Qf4+ 51. Qg4 Qf2+ 52. Kh5 Qf8 53.
Qf5 Qh8+ 54. Kg4 Qg7 55. h4 b5 56. h5 c4 57. h6 Qh8 58. Qf7+ Kb6 59. h7 Qc8+
60. Qe6 Qf8 61. Qf6 Qc8+ 62. Kh4 cxb3 63. cxb3 Qc2 64. Qxd6+ Ka7 65. Qd7+ Kb6
66. Qxb5+ Ka7 67. Qxa5+ Kb7 68. Qb5+ Ka7 69. Qd7+ Kb6 70. Qc6+ 1-0

[Event "Bulgaria ch 2009 fem"]
[Site "Dupnitsa BUL"]
[Date "2009.02.22"]
[Round "11.3"]
[White "Krumova, Ani"]
[Black "Vladimirova, Maria"]
[Result "1-0"]
[WhiteElo "1812"]
[BlackElo "2062"]
[PlyCount "73"]
[EventDate "2009.02.13"]
[EventType "tourn"]
[EventRounds "11"]
[EventCountry "BUL"]
[EventCategory "2"]
[Source "lmi"]
[SourceDate "2009.02.13"]

1. e4 c5 2. Nc3 Nc6 3. f4 e6 4. Bb5 Nge7 5. Nf3 d5 6. e5 Nf5 7. d3 d4 8. Bxc6+
bxc6 9. Ne4 Ba6 10. Qe2 h5 11. O-O Qd5 12. b3 O-O-O 13. Qe1 Be7 14. Qa5 Kb7 15.
Rb1 Ne3 16. Bxe3 dxe3 17. Rfe1 Rb8 18. Rxe3 Bd8 19. Nd6+ Qxd6 20. Qxa6+ Kxa6
21. exd6 c4 22. Kf1 Bb6 23. d4 Ba5 24. Ne5 Bd2 25. Rf3 cxb3 26. axb3 g5 27.
Nxf7 Rhg8 28. d7 g4 29. Rf2 Ba5 30. Ra1 Kb5 31. c4+ Kb6 32. Rfa2 Bc3 33. Ra6+
Kc7 34. Rxa7+ Rb7 35. Rxb7+ Kxb7 36. d8=Q Rxd8 37. Nxd8+ 1-0

[Event "Bulgaria ch 2009 fem"]
[Site "Dupnitsa BUL"]
[Date "2009.02.22"]
[Round "11.4"]
[White "Videnova, Iva"]
[Black "Chilingirova, Pavlina"]
[Result "1-0"]
[WhiteElo "2193"]
[BlackElo "2155"]
[PlyCount "97"]
[EventDate "2009.02.13"]
[EventType "tourn"]
[EventRounds "11"]
[EventCountry "BUL"]
[EventCategory "2"]
[Source "lmi"]
[SourceDate "2009.02.13"]

1. e4 c5 2. Nf3 d6 3. d4 Nf6 4. Nc3 cxd4 5. Nxd4 a6 6. Bg5 e6 7. f4 Nbd7 8. Qf3
Qc7 9. O-O-O Be7 10. g4 b5 11. Bxf6 Nxf6 12. g5 Nd7 13. f5 Bxg5+ 14. Kb1 Ne5
15. Qh5 Qd8 16. Nxe6 Bxe6 17. fxe6 O-O 18. h4 Bf6 19. Bh3 g6 20. Qe2 h5 21.
exf7+ Kh7 22. Nd5 Rxf7 23. Be6 Rf8 24. Rdf1 Bg7 25. Nf4 Bh6 26. Nd5 Rxf1+ 27.
Qxf1 Qf8 28. Qxf8 Rxf8 29. Nc7 Nf3 30. Nxa6 Nd2+ 31. Ka1 Nxe4 32. Bd7 Rf2 33.
Bxb5 Ng3 34. Rg1 Nf5 35. Nb4 Nxh4 36. a4 Nf3 37. Rf1 Rxf1+ 38. Bxf1 g5 39. a5
g4 40. Nd5 Nd4 41. a6 Nc6 42. b4 Bg7+ 43. c3 Nxb4 44. a7 Nxd5 45. a8=Q Nxc3 46.
Bd3+ Kh6 47. Qg8 Ne4+ 48. Kb1 Ng5 49. Qe8 1-0

[Event "Bulgaria ch 2009 fem"]
[Site "Dupnitsa BUL"]
[Date "2009.02.22"]
[Round "11.5"]
[White "Genova, Lyubka"]
[Black "Sirkova, Darena"]
[Result "1-0"]
[WhiteElo "2231"]
[BlackElo "1942"]
[PlyCount "77"]
[EventDate "2009.02.13"]
[EventType "tourn"]
[EventRounds "11"]
[EventCountry "BUL"]
[EventCategory "2"]
[Source "lmi"]
[SourceDate "2009.02.13"]

1. Nf3 c5 2. c4 Nc6 3. Nc3 g6 4. e3 e5 5. d4 exd4 6. exd4 cxd4 7. Nxd4 Bg7 8.
Ndb5 Be5 9. Nd6+ Bxd6 10. Qxd6 Nge7 11. Ne4 O-O 12. Bh6 Qa5+ 13. Bd2 Qe5 14.
Qxe5 Nxe5 15. Bc3 f5 16. Nd6 N7c6 17. c5 Rd8 18. f4 Ng4 19. Bc4+ Kf8 20. Ke2 b6
21. h3 Nh6 22. b4 bxc5 23. bxc5 a5 24. Bf6 Ba6 25. Bxd8 Bxc4+ 26. Nxc4 Rxd8 27.
Kf2 Nf7 28. Rhd1 Ke7 29. Rab1 d5 30. cxd6+ Nxd6 31. Nxd6 Rxd6 32. Rb7+ Ke6 33.
Rxd6+ Kxd6 34. Rxh7 Nb4 35. a3 Nc2 36. a4 Kd5 37. Ra7 Ke4 38. Rxa5 Kxf4 39. Ra8
1-0

[Event "Bulgaria ch 2009 fem"]
[Site "Dupnitsa BUL"]
[Date "2009.02.22"]
[Round "11.6"]
[White "Nikolova, Adriana"]
[Black "Petkova, Veneta"]
[Result "1-0"]
[WhiteElo "2310"]
[BlackElo "1964"]
[PlyCount "53"]
[EventDate "2009.02.13"]
[EventType "tourn"]
[EventRounds "11"]
[EventCountry "BUL"]
[EventCategory "2"]
[Source "lmi"]
[SourceDate "2009.02.13"]

1. e4 e6 2. d4 d5 3. Nd2 Nf6 4. e5 Nfd7 5. f4 c5 6. c3 Nc6 7. Ndf3 Qb6 8. a3 a5
9. b3 cxd4 10. cxd4 Be7 11. Bb2 f6 12. Bd3 O-O 13. Ne2 g6 14. h4 f5 15. h5 Kg7
16. Rc1 Ndb8 17. Kf2 Bd7 18. Bc2 Na6 19. Qg1 Rh8 20. g4 Nc5 21. gxf5 exf5 22.
hxg6 hxg6 23. e6 Rxh1 24. dxc5+ Kg8 25. Qxh1 Bxc5+ 26. Kg2 Bxe6 27. Qh8+ 1-0